000 00666nam a2200193 a 4500
001 000035181
005 20200930074147.0
008 111025s1957 ag 000 0 spa d
040 _aDO-SdBNP
_bspa
_cBNPHU
082 _axxxx
_bS465i
100 1 _aSeligman, Edwin R. A.
_960910
245 1 3 _aLa interpretación económica de la historia. /
_cEdwin R. A. Seligman.
260 _aBuenos Aires :
_bNova,
_c1957.
300 _a135 p. ;
_c19 cm.
490 1 _aCompendios Nova de iniciación cultural
_v7
590 _aPerteneció a la biblioteca personal de Juan Isidro Jimenes Grullón.
830 0 _aCompendios Nova de iniciación cultural
_v7
_960911
049 _aBNGR
999 _c34672
_d34672